|
|
|
|
| LEADER |
00000nam0a2200000 4500 |
| 001 |
61170 |
| 005 |
20231031062420.0 |
| 010 |
|
|
|a 5980322604
|
| 035 |
|
|
|a (RuTPU)RU\TPU\book\64725
|
| 090 |
|
|
|a 61170
|
| 100 |
|
|
|a 20040304d2003 m y0rusy50 ca
|
| 101 |
0 |
|
|a rus
|
| 102 |
|
|
|a RU
|
| 105 |
|
|
|a y g 000zy
|
| 200 |
1 |
|
|a Страны и регионы мира. 2003
|e Экономико-политический справочник
|f Московский государственный институт международных отношений (университет) МИД РФ; Под ред. А. С. Булатова
|
| 210 |
|
|
|a Москва
|c Проспект
|d 2003
|
| 215 |
|
|
|a 624 с.
|
| 333 |
|
|
|a Исключено из фонда НТБ ТПУ
|
| 702 |
|
1 |
|a Булатов
|b А. С.
|4 340
|
| 712 |
0 |
2 |
|a Московский государственный институт международных отношений (университет) МИД РФ
|
| 801 |
|
1 |
|a RU
|b 63413507
|c 20040304
|g PSBO
|
| 801 |
|
2 |
|a RU
|b 63413507
|c 20210224
|g PSBO
|
| 942 |
|
|
|c BK
|